书目信息 |
| 题名: |
国营工业企业会计科目报表及内容介绍
|
|
| 作者: | ||
| 分册: | ||
| 出版信息: | 北京 中国财政经济出版社 1981 |
|
| 页数: | 334页 | |
| 开本: | 19cm | |
| 丛书名: | ||
| 单 册: | ||
| 中图分类: | F406.7 | |
| 科图分类: | ||
| 主题词: | 国营企业-工业会计-会计报表--简介 , 工业会计-国营企业-会计报表--简介 , 会计报表-工业会计-国营企业--简介 | |
| 电子资源: | ||
| ISBN: | ||
| 000 | 00726nam0 2200241 45 | |
| 001 | 0181010234 | |
| 005 | 20060811093351.12 | |
| 010 | @dCNY0.90 | |
| 091 | @aCN@b4166.296 | |
| 100 | @a19960215d1981 em y0chiy0121 ea | |
| 101 | 0 | @achi |
| 102 | @aCN@b110000 | |
| 105 | @ay z 000yy | |
| 200 | 10 | @a国营工业企业会计科目报表及内容介绍@Aguo ying gong ye qi ye kuai ji ke mu bao biao ji nei rong jie shao |
| 210 | @a北京@c中国财政经济出版社@d1981 | |
| 215 | @a334页@d19cm | |
| 300 | @a限国内发行 | |
| 606 | @a国营企业-工业会计-会计报表@x简介 | |
| 606 | @a工业会计-国营企业-会计报表@x简介 | |
| 606 | @a会计报表-工业会计-国营企业@x简介 | |
| 690 | @aF406.7@v3 | |
| 801 | 0 | @aCN@bTSSF@c20060811 |
| 905 | @a10447@dF406.7@e114 | |
| 国营工业企业会计科目报表及内容介绍.-北京:中国财政经济出版社,1981 |
| 334页;19cm |
| 限国内发行 |
| ISBN :CNY0.90 |
| ● |
| 相关链接 |
|
|
|
|
正题名:国营工业企业会计科目报表及内容介绍
索取号:F406.7/114
 
预约/预借
| 序号 | 登录号 | 条形码 | 馆藏地/架位号 | 状态 | 备注 |
| 1 | 0447567 | 204475674 | 密集书库/ [索取号:F406.7/114] | 在馆 | |
| 2 | 0447568 | 204475683 | 密集书库/ [索取号:F406.7/114] | 在馆 | |
| 3 | 0448645 | 204486458 | 密集书库/ [索取号:F406.7/114] | 在馆 |